1443 1196 1089 1828 1246 1819 1176 1535 1698 1126 1419 1577 1116 1238 1157 1066 1708 1097 1590 1510 1664 1069 1711 1266 1793 1489 1769 1385 1710 1254 1971 1468 1584 1476 1492 1010 1314 1997 1685 1434 1656 1690 1989 1310 1700 1567 1886 1348 1601 1644 1811 1249 1734 1149 1508 1896 1506 1588 1661 1194 1462 1029 1796 1817 1202 1489 1113 1137 1984 1265 1870 1655 1746 1872 1141 1767 1827 1951 1174 1019 1228 1389 1246 1188 1813 1721 1614 1058 1620 1765 1996 1364 1328 1444 1081 1878 1972 1651 1793 BCNSPRNW ULIB Ver.6.0+V

เปลี่ยนเป็นภาษาไทย

Change to English
 แสดงรายละเอียดบรรณานุกรม
  กลับหน้าหลัก

Brief Record : Get Marc (ISO 2709) : E-mail record : QR code < ปิดหน้าต่าง
LEADER : 00000nam 2200000uu 4500
001    13399115251
003     ULIB
008    120808s2553||||th 000 0 tha d
020    ^a9789742251031
060 04 ^aWA590^bอ267ว
100 0  ^aอภิวันท์ แก้วรรณรัตน์
245 10 ^aวิธีการให้ความรู้ทางสุขภาพ /^cอภิวันท์ แก้ววรรณรัตน์
250    ^aพิมพ์ครั้งที่ 1
260    ^aเชียงใหม่ :^bยูนิตี้ แอนด์ โปรเกรสโซลูชั่น,^c2553
300    ^a52 หน้า :^bภาพประกอบ ;^c28 ซม.
504    ^aมีบรรณานุกรมและดัชนี
650  7 ^aความรู้
650  7 ^aสุขภาพ^xการศึกษาและการสอน
945    ^p95^l0^i16820
945    ^p95^l0^i16818
945    ^p95^l0^i16819
995    ^aกัณชพร
999    ^aใช้งานได้ทุกระบบ
รายการนี้ยังไม่มีแท็ก
คุณยังไม่ได้ล็อกอิน คุณสามารถมีกิจกรรมร่วมกับเว็บไซต์ได้ แต่ต้องล็อกอินก่อน ::
  ล็อกอิน

รายการสื่อสารสนเทศ

ลำดับที่ ประเภท เลขเรียก/บาร์โค้ด สถานที่ สถานะ
1. วิทยาศาสตร์การแพทย์ และสุขภาพ
วิทยาศาสตร์การแพทย์ และสุขภาพ
WA590 อ267ว  
  Barcode: 16820
ห้องสมุดวิทยาเขตนครสวรรค์
►ส่วนจัดเก็บหนังสือเก่า นว.
บนชั้น
  ขอยืม
2. วิทยาศาสตร์การแพทย์ และสุขภาพ
วิทยาศาสตร์การแพทย์ และสุขภาพ
WA590 อ267ว ฉ.2 
  Barcode: 16818
ห้องสมุดวิทยาเขตนครสวรรค์
►ส่วนจัดเก็บหนังสือเก่า นว.
บนชั้น
  ขอยืม
3. วิทยาศาสตร์การแพทย์ และสุขภาพ
วิทยาศาสตร์การแพทย์ และสุขภาพ
WA590 อ267ว ฉ.3 
  Barcode: 16819
ห้องสมุดวิทยาเขตนครสวรรค์
►ส่วนจัดเก็บหนังสือเก่า นว.
บนชั้น
  ขอยืม

รายการใกล้เคียง
    ผู้แต่ง [อภิวันท์ แก้วรรณรัตน์]

    หัวเรื่อง [ความรู้]

BibComment


ยังไม่เคยถูกคอมเมนท์

คอมเมนท์ทรัพยากรรายการนี้
  คอมเมนท์: วิธีการให้ความรู..


 Copyright 2026. Bcnsprnw @Library